| 000 | 00786nam a22002417a 4500 | ||
|---|---|---|---|
| 999 |
_c197 _d197 |
||
| 003 | AR-CdUCM | ||
| 008 | 190222b ||||| |||| 00| 0 spa d | ||
| 040 |
_aMUNICIPALIDAD PROVINCIAL DEL CUSCO _cBIBLIOTECA MUNICIPAL DEL CUSCO |
||
| 041 | _heng | ||
| 082 |
_22ed. _a818.33 / _bH27 |
||
| 100 |
_aHawthorne, Nathaniel _9888 |
||
| 245 | _aLa letra escarlata / | ||
| 260 |
_aMéxico : _bNovaro-México, _c1964. |
||
| 300 |
_a317 páginas ; _c16 cm. |
||
| 440 |
_aColección Nova-Mex _n218 _9889 |
||
| 650 |
_aNovelas estadounidenses. Adulterio en la literatura _9890 |
||
| 650 |
_aNovelas siglo XIX _9853 |
||
| 650 |
_aPuritanos en la literatura _9891 |
||
| 650 |
_aAdulterio en la literatura _9892 |
||
| 700 |
_aMuñoz, Angelina (traductora) _9893 |
||
| 942 |
_2ddc _cLIBROS |
||
| 945 | _azta | ||